000 00532nam a2200169 a 4500
005 20150105084708.0
008 140130b2008 ck ||||| |||| 00| 0 spa d
040 _cCO-BoIH
041 _aspa
044 _ack
090 _aIAVH
_b01259
100 _aAhmed Mohamed Salama, Jonathan
_96043
245 _aDesarrollo de ingredientes naturales para la industria cosmética y farmacéutica a partir de plantas nativas de Colombia
_bestudio farmacognóstico
260 _aBogotá
_bIAVH
_c2008
300 _a186 h.
942 _cINFORME
_01
_2z
999 _c6720
_d6720